UM Logo

The fault in our stars / (Record no. 17466)

MARC details
000 -LEADER
fixed length control field 00465nam a2200157 4500
008 - FIXED-LENGTH DATA ELEMENTS--GENERAL INFORMATION
fixed length control field 221021b ||||| |||| 00| 0 eng d
020 ## - INTERNATIONAL STANDARD BOOK NUMBER
International Standard Book Number 9780142424179
082 ## - DEWEY DECIMAL CLASSIFICATION NUMBER
Edition number 2012
Classification number DFic
Item number G820
100 ## - MAIN ENTRY--PERSONAL NAME
Personal name Green, John.
9 (RLIN) 46449
245 ## - TITLE STATEMENT
Title The fault in our stars /
Statement of responsibility, etc. John Green.
260 ## - PUBLICATION, DISTRIBUTION, ETC. (IMPRINT)
Place of publication, distribution, etc. U.S.A.:
Name of publisher, distributor, etc. Penguin Books,
Date of publication, distribution, etc. ©2014.
300 ## - PHYSICAL DESCRIPTION
Extent 318 pages ;
Dimensions 21 cm.
650 ## - SUBJECT ADDED ENTRY--TOPICAL TERM
Topical term or geographic name as entry element Cancer
Form subdivision Fiction.
9 (RLIN) 46476
650 ## - SUBJECT ADDED ENTRY--TOPICAL TERM
Topical term or geographic name as entry element Terminally ill
Form subdivision Fiction.
9 (RLIN) 46477
942 ## - ADDED ENTRY ELEMENTS (KOHA)
Source of classification or shelving scheme Dewey Decimal Classification
Koha item type Fiction
Holdings
Withdrawn status Lost status Source of classification or shelving scheme Damaged status Not for loan Collection code Home library Current library Shelving location Date acquired Source of acquisition Cost, normal purchase price Total Checkouts Full call number Barcode Date last seen Date last checked out Price effective from Koha item type
    Dewey Decimal Classification     Fiction UM Digos College - LIC UM Digos College - LIC Book Cart 08/16/2022 Purchased 6170.00 14 DFic G820 2014 27169 11/04/2025 10/27/2025 10/21/2022 Fiction